Personnel and industrial relations : a managerial approach
Saved in:
| Main Author: | |
|---|---|
| Other Authors: | |
| Format: | Book |
| Language: | English |
| Published: |
New York : London :
Macmillan, Collier Macmillan,
1985
|
| Edition: | 4th ed. |
| Subjects: | |
| Tags: |
Add Tag
No Tags, Be the first to tag this record!
|
MARC
| LEADER | 00000cam a2200000 i 4500 | ||
|---|---|---|---|
| 001 | 1/57225 | ||
| 008 | 950208s1985 eng d | ||
| 020 | |a 0023816201 | ||
| 035 | |l 10028155 | ||
| 040 | |a GR-MY-UA |b gre |e aacr | ||
| 041 | 0 | |a eng | |
| 082 | 0 | |a 658.3 |2 (19) | |
| 100 | 1 | |a Miner, John B. | |
| 245 | 1 | 0 | |a Personnel and industrial relations : |b a managerial approach / |c John B. Miner, Mary Green Miner |
| 250 | |a 4th ed. | ||
| 260 | |a New York : |a London : |b Macmillan, |b Collier Macmillan, |c 1985 | ||
| 300 | |a xvi, 683 σ.; |b εικ.; |c 25 εκ. | ||
| 504 | |a Περιλαμβάνει βιβλιογραφία και ευρετήριο | ||
| 650 | 0 | 0 | |a Personnel management. |
| 650 | 0 | 0 | |a Industrial relations. |
| 700 | 1 | |a Miner, Mary Green. | |
| 852 | |a INST |b CHIOS |e 19950208 |h 658.3 MIN |p 005200024013 |q 005200024013 |t BK |y 0 | ||
| 909 | |a Χ |b 000655 | ||